Guess the Footballers by their Teams #12 - Statistics

General Stats
  • This quiz has been taken 218 times
  • The average score is 8 of 10
Answer Stats
Hint Answer % Correct
2012-. Queen's Park, Dundee United, Hull City, Liverpool, Scotland. Andrew Robertson
94%
2000-2014. Kyoto Purple Sanga, PSV Eindhoven, Manchester United, Queens Park Rangers, PSV Eindhoven (loan), South Korea. Park Ji-sung
94%
2001-2019. Bayern Munich II, Bayern Munich, Manchester United, Chicago Fire, Germany. Bastian Schweinsteiger
86%
1993-2011. 2012-2013. Manchester United, England. Paul Scholes
84%
1985-2006. Ajax, Inter Milan, Arsenal, Netherlands. Dennis Bergkamp
80%
2004-2021. Lyn, Chelsea, Tianjin TEDA, Middlesbrough, Trabzonspor, Stoke City, Kuwait SC, Nigeria. Mikel John Obi
71%
1977-1997. AC Milan, Italy. Franco Baresi
68%
2010-. Sao Paulo, Real Madrid B (loan), Real Madrid (loan), Real Madrid, Porto (loan), Brazil. Casemiro
67%
1996-2014. Leeds United, Liverpool, Galatasaray, Melbourne Victory, Al-Gharafa, Melbourne Heart, Australia. Harry Kewell
67%
2006-2020. Joinville, Cruzeiro, Benfica, Chelsea, Jiangsu Suning, Palmeiras, Brazil. Ramires
55%
No matching quizzes found
Score Distribution
Percent of People with Each Score
Percentile by Number Answered
Your Score History
You have not taken this quiz